| Tag |
First Indicator |
Second Indicator |
Subfields |
| LEADER |
00000cam a2200000 a 4500 |
| 001 |
in00001412421 |
| 005 |
20151020064847.0 |
| 008 |
971003s1998 dcua b 001 0 eng |
| 010 |
|
|
|a 97041051
|
| 020 |
|
|
|a 1559635223 (pbk.)
|
| 020 |
|
|
|a 1559635215
|
| 035 |
|
|
|a (OCoLC)37770729
|
| 035 |
|
|
|9 AHP5986AM
|
| 040 |
|
|
|a DLC
|c DLC
|d IOP
|d TXA
|d UtOrBLW
|
| 049 |
|
|
|a TXAM
|
| 050 |
0 |
0 |
|a HD1691
|b .W323 1998
|
| 082 |
0 |
0 |
|a 333.91
|2 21
|
| 245 |
0 |
0 |
|a Water, culture, and power :
|b local struggles in a global context /
|c edited by John M. Donahue and Barbara Rose Johnston.
|
| 246 |
1 |
4 |
|a Water, culture & power
|
| 264 |
|
1 |
|a Washington, D.C. :
|b Island Press,
|c [1998]
|
| 264 |
|
4 |
|c ©1998
|
| 300 |
|
|
|a xii, 396 pages :
|b illustrations ;
|c 23 cm.
|
| 336 |
|
|
|a text
|b txt
|2 rdacontent
|
| 337 |
|
|
|a unmediated
|b n
|2 rdamedia
|
| 338 |
|
|
|a volume
|b nc
|2 rdacarrier
|
| 504 |
|
|
|a Includes bibliographical references (pages 347-375) and index.
|
| 505 |
0 |
0 |
|t Introduction /
|r Barbara Rose Johnston and John M. Donahue --
|t Use and abuse of aquifers: can the Hopi Indians survive multinational mining? /
|r Peter Whiteley and Vernon Masayesva --
|t Water rights in the Pacific Northwest /
|r Tom Greaves --
|t "A River that Was Once so Strong and Deep": local reflections on the Eastmain Diversion, James Bay hydroelectric project /
|r Kreg Ettenger --
|t Balancing the waters: development and hydropolitics in contemporary Zimbabwe /
|r Bill Derman --
|t Water, rights, and the El Cajon Dam, Honduras /
|r William M. Loker.
|
| 505 |
0 |
0 |
|t Water resource development and its effects on the human community: the Tennessee-Tombigbee Waterway, Southeastern United States /
|r Claudia M. Rogers --
|t Transacting a commons: the Lake Biwa Comprehensive Development Plan, Shiga Prefecture, Japan /
|r James E. Nickum and Daniel Greenstadt --
|t Big Canal: the political ecololgy of the Central Arizona project /
|r Thomas E. Sheridan --
|t Water wars in South Texas: managing the Edwards Aquifer /
|r John M. Donahue --
|t Gender and society in Bangladesh's Flood Action Plan /
|r Suzanne Hanchett, Jesmin Akhter, and Kazi Rozana Akhter.
|
| 505 |
0 |
0 |
|t Reversal of tides: drinking water quality in Oaxaca de Juarez, Mexico /
|r M. Brian Riley, Arthur D. Murphy, and Miguel Angel Mendez Rosado --
|t Water, power, and environmental health in tourism development: the Bay Islands, Honduras /
|r Susan C. Stonich, Jerrel H. Sorensen, and Gus W. Salbador --
|t Culture, power, and the hydrological cycle: creating and responding to water scarcity on St. Thomas, Virgin Islands /
|r Barbara Rose Johnston --
|t Water between Arabs and Israelis: researching twice promised resources /
|r Rosina Hassoun.
|
| 650 |
|
0 |
|a Water resources development
|x Case studies.
|
| 650 |
|
0 |
|a Water resources development
|x Government policy
|x International cooperation.
|
| 650 |
|
0 |
|a Water-supply
|x Political aspects.
|
| 650 |
|
0 |
|a Water-supply
|x Social aspects.
|
| 700 |
1 |
|
|a Donahue, John M.
|
| 700 |
1 |
|
|a Johnston, Barbara Rose.
|
| 945 |
|
|
|a PromptCat
|
| 946 |
|
|
|a qatar
|
| 947 |
|
|
|a Q14800154741
|
| 948 |
|
|
|a c:rd
|
| 999 |
|
|
|a MARS
|
| 999 |
f |
f |
|s 027d8784-4aee-3535-a3f6-95273c1959a0
|i b9e56224-8b92-3a8e-b69f-bdbff5d69c9a
|t 0
|
| 952 |
f |
f |
|p ric
|a Texas A&M University
|b Rellis Campus
|c Joint Library Facility
|d Remote Storage
|t 0
|e HD1691 .W323 1998
|h Library of Congress classification
|i unmediated -- volume
|m A14822528398
|
| 998 |
f |
f |
|a HD1691 .W323 1998
|t 0
|l Remote Storage
|